Strategy management in central banks :the Nigerian experience

保存先:
書誌詳細
第一著者: ADAMU, Edward Lameter
フォーマット: 図書
言語:英語
出版事項: Amandie Wilson Books 2020
タグ: タグ追加
タグなし, このレコードへの初めてのタグを付けませんか!

MARC

LEADER 00000nam a22000007a 4500
008 240828b |||||||| |||| 00| 0 eng d
020 |a 9781999992446 
100 |a ADAMU, Edward Lameter 
245 |a Strategy management in central banks  |b :the Nigerian experience  |c /Edward Lametek  |g xviii, 305p. 
260 |b Amandie Wilson Books  |c 2020  |h London  |i 701346  |i 701347  |i 701348  |i 701349  |i 701351  |l HG1615.N6Ad1  |m Banks and banking, Central -Management- Nigeria  |m Financial institutions - Investments 
500 |a it includes bibliographical references and index 
942 |a lcc  |c BK  |e Johnson  |f 28/08/24 
952 |0 0  |1 0  |2 lcc  |4 0  |6 HG1615 N6 A D1  |7 0  |9 5534  |a SSL  |b HOL  |c GJ  |d 2024-08-28  |l 0  |o HG1615.N6Ad1  |p 2024-0773  |r 2024-08-28 00:00:00  |t 701346  |w 2024-08-28  |y BK 
952 |0 0  |1 0  |2 lcc  |4 0  |6 HG1615 N6 A D1  |7 0  |9 5535  |a SSL  |b HOL  |c GJ  |d 2024-08-28  |l 0  |o HG1615.N6Ad1  |p 2024-0774  |r 2024-08-28 00:00:00  |t 701347  |w 2024-08-28  |y BK 
952 |0 0  |1 0  |2 lcc  |4 0  |6 HG1615 N6 A D1  |7 0  |9 5536  |a HOL  |b HOL  |c GJ  |d 2024-08-28  |l 0  |o HG1615.N6Ad1  |p 2024-0775  |r 2024-08-28 00:00:00  |t 701348  |w 2024-08-28  |y BK 
952 |0 0  |1 0  |2 lcc  |4 0  |6 HG1615 N6 A D1  |7 0  |9 5537  |a HOL  |b HOL  |c GJ  |d 2024-08-28  |l 0  |o HG1615.N6Ad1  |p 2024-0776  |r 2024-08-28 00:00:00  |t 701349  |w 2024-08-28  |y BK 
952 |0 0  |1 0  |2 lcc  |4 0  |6 HG1615 N6 A D1  |7 0  |9 5538  |a HOL  |b HOL  |c GJ  |d 2024-08-28  |l 0  |o HG1615.N6Ad1  |p 2024-0777  |r 2024-08-28 00:00:00  |t 701351  |w 2024-08-28  |y BK 
999 |c 2733  |d 2733